01066cam a22003135i 450000100090000000300090000900500170001800800410003502000180007602000150009404000430010908200170015210000410016924500460021026400640025626400100032030000530033033600260038333700280040933800270043750000210046465000240048565000220050965300290053165500170056094200120057799900170058995201460060618632161EG-ScBUE20250622091205.0150526t2015 fluadk f 001 0 eng d a9781482206357 a1482206358 aEG-ScBUEbengerdacEG-ScBUEdEG-ScBUE04a537bKEL2221 aKelly, P. F.,d1961-938145eauthor.10aElectricity and magnetism /cP. F. Kelly. 1aBoca Raton : bCRC Press / Taylor & Francis Group, c[2015] 4cc2015 axiv, 404 pages :bcharts, forms, tables ;c26 cm 2rdacontentatextbtxt 2rdamediaaunmediatedbn 2rdacarrieravolumebnc aIncludes index.  7aElectricity.2BUEsh 7aMagnetism.2BUEsh bENGELCbENGGENcJune2015 vReading book 2ddccBB c19524d19496 00102ddc40708BaccahaMAINbMAINc1STd2015-06-09ePurchaseg450.00l1m1o537 KELp000038452r2025-07-15 00:00:00s2016-04-28v562.50yBB